000 00284nam a2200109Ia 4500
008 190914s9999||||xx |||||||||||||| ||und||
100 _aEarley, Mark W.
245 0 _aNEC 199 National Electrical Code Handbook
260 _aLondon
_bWorld Scientific
_c2002
300 _a936
942 _cBK
999 _c8552
_d8552